|
|
|
|
| LEADER |
02933nam a22004815i 4500 |
| 001 |
978-3-319-38878-6 |
| 003 |
DE-He213 |
| 005 |
20160818121803.0 |
| 007 |
cr nn 008mamaa |
| 008 |
160818s2016 gw | s |||| 0|eng d |
| 020 |
|
|
|a 9783319388786
|9 978-3-319-38878-6
|
| 024 |
7 |
|
|a 10.1007/978-3-319-38878-6
|2 doi
|
| 040 |
|
|
|d GrThAP
|
| 050 |
|
4 |
|a QD410-412.5
|
| 072 |
|
7 |
|a PNND
|2 bicssc
|
| 072 |
|
7 |
|a SCI013040
|2 bisacsh
|
| 082 |
0 |
4 |
|a 547.05
|2 23
|
| 100 |
1 |
|
|a McDonald, Stacey L.
|e author.
|
| 245 |
1 |
0 |
|a Copper-Catalyzed Electrophilic Amination of sp2 and sp3 C−H Bonds
|h [electronic resource] /
|c by Stacey L. McDonald.
|
| 264 |
|
1 |
|a Cham :
|b Springer International Publishing :
|b Imprint: Springer,
|c 2016.
|
| 300 |
|
|
|a XXIII, 144 p. 8 illus.
|b online resource.
|
| 336 |
|
|
|a text
|b txt
|2 rdacontent
|
| 337 |
|
|
|a computer
|b c
|2 rdamedia
|
| 338 |
|
|
|a online resource
|b cr
|2 rdacarrier
|
| 347 |
|
|
|a text file
|b PDF
|2 rda
|
| 490 |
1 |
|
|a Springer Theses, Recognizing Outstanding Ph.D. Research,
|x 2190-5053
|
| 505 |
0 |
|
|a Electrophilic amination for the synthesis of alkyl and aryl amines -- Selective α-amination and α-acylation of esters and amides via dual reactivity of O-acylhydroxylamines toward zinc enolates -- Copper-catalyzed α-amination of phosphonates and phosphine oxides: a direct approach to α-amino phosphonic acids and derivatives -- Copper-Catalyzed Electrophilic Amination of Heteroarenes and Arenes by C−H Zincation.
|
| 520 |
|
|
|a This thesis reports the latest developments in the direct amination of various C−H bonds using an H−Zn exchange/electrophilic amination strategy. McDonald and co-workers reveal this approach to be a rapid and powerful method for accessing a variety of functionalized amines. The material outlined in this book shows how McDonald achieved C−H zincation using strong, non-nucleophilic zinc bases and subsequent electrophilic amination of the corresponding zinc carbanions with copper as a catalyst and O-benzoylhydroxylamines as the electrophilic nitrogen source. McDonald’s findings are of relevance to medicinal chemistry, drug discovery and materials science. Her thesis is a source of inspiration for scientists entering the field and students beginning their PhD in a related area. .
|
| 650 |
|
0 |
|a Chemistry.
|
| 650 |
|
0 |
|a Organometallic chemistry.
|
| 650 |
|
0 |
|a Chemical engineering.
|
| 650 |
|
0 |
|a Medicinal chemistry.
|
| 650 |
1 |
4 |
|a Chemistry.
|
| 650 |
2 |
4 |
|a Organometallic Chemistry.
|
| 650 |
2 |
4 |
|a Medicinal Chemistry.
|
| 650 |
2 |
4 |
|a Industrial Chemistry/Chemical Engineering.
|
| 710 |
2 |
|
|a SpringerLink (Online service)
|
| 773 |
0 |
|
|t Springer eBooks
|
| 776 |
0 |
8 |
|i Printed edition:
|z 9783319388779
|
| 830 |
|
0 |
|a Springer Theses, Recognizing Outstanding Ph.D. Research,
|x 2190-5053
|
| 856 |
4 |
0 |
|u http://dx.doi.org/10.1007/978-3-319-38878-6
|z Full Text via HEAL-Link
|
| 912 |
|
|
|a ZDB-2-CMS
|
| 950 |
|
|
|a Chemistry and Materials Science (Springer-11644)
|